Journal of coffee research. () Balehonnur, India. (Record no. 79648)

MARC details
000 -LEADER
fixed length control field 00581nam a22001817a 4500
001 - CONTROL NUMBER
control field dpl
008 - FIXED-LENGTH DATA ELEMENTS--GENERAL INFORMATION
fixed length control field 880628u xx u 0 0 0und
010 ## - LIBRARY OF CONGRESS CONTROL NUMBER
LC control number sv 88031784
022 ## - INTERNATIONAL STANDARD SERIAL NUMBER
International Standard Serial Number 0374-8537
245 00 - TITLE STATEMENT
Title Journal of coffee research. () Balehonnur, India.
260 ## - PUBLICATION, DISTRIBUTION, ETC. (IMPRINT)
Place of publication, distribution, etc Chikamagalur (Karnataka)
Name of publisher, distributor, etc Central Coffee Research Institute
Date of publication, distribution, etc 1972-
300 ## - PHYSICAL DESCRIPTION
Extent v.
Dimensions 24 cm (Pbk
310 ## - CURRENT PUBLICATION FREQUENCY
Current publication frequency Quarterly
590 ## - LOCAL NOTE (RLIN)
Local note Decision made by DW 8/14/75. Decision made from PL480 material.
650 ## - SUBJECT ADDED ENTRY--TOPICAL TERM
Topical term or geographic name as entry element Coffee research
906 ## - LOCAL DATA ELEMENT F, LDF (RLIN)
a 0
b bbc
c serlocs
d u
e ncip
f 19
g ilsserca
942 ## - ADDED ENTRY ELEMENTS (KOHA)
Source of classification or shelving scheme Dewey Decimal Classification
Item type Periodicals
Serial record 1
Holdings
Withdrawn status Lost status Source of classification or shelving scheme Damaged status Not for loan Home library Current library Date acquired Total Checkouts Date last seen Price effective from Koha item type
    Dewey Decimal Classification     D.B.Act.Division D.B.Act.Division 25/09/2013   25/09/2013 25/09/2013 Periodicals

© Delhi Public Library
Hit Counter
free hit counter